Lahden kaupunginosat - Statistics

Yleistilastot
  • Tätä visaa on pelattu 416 kertaa
  • Keskiarvotulos 35 / 105
Vastaustilastot
Vastaus % Oikein
Mukkula
91%
Laune
88%
Keskusta
83%
Liipola
80%
Renkomäki
80%
Nastola
77%
Ahtiala
74%
Jalkaranta
74%
Hennala
69%
Möysä
69%
Karisto
67%
Paavola
67%
Kivimaa
66%
Saksala
63%
Asemantausta
61%
Kärpänen
60%
Kiveriö
60%
Metsäkangas
57%
Villähde
55%
Niemi
54%
Holma
52%
Okeroinen
47%
Tonttila
47%
Venetsia
47%
Nikkilä
43%
Patomäki
43%
Salpausselkä
42%
Sopenkorpi
42%
Kilpiäinen
41%
Riihelä
40%
Karjusaari
38%
Kartano
37%
Ruoriniemi
36%
Jokimaa
35%
Kujala
35%
Kytölä
35%
Patoniitty
35%
Ämmälä
34%
Soltti
34%
Kerinkallio
33%
Keski-Lahti
33%
Uusikylä
33%
Viuha
33%
Kasakkamäki
32%
Metsäpelto
32%
Anttilanmäki
29%
Kunnas
29%
Lotila
29%
Metsämaa
28%
Metsä-Hennala
26%
Ala-Okeroinen
25%
Myllypohja
25%
Rakokivi
24%
Herrasmanni
23%
Pyhätön
22%
Takkula
22%
Hiekkanummi
20%
Kiikkula
20%
Järvenpää
19%
Pirttiharju
19%
Rautakankare
19%
Keijupuisto
18%
Tapanila
18%
Kolava
17%
Mäkelä
17%
Kaukkari
16%
Korpikankare
14%
Likolampi
14%
Koiskala
13%
Ala-Nikkilä
12%
Vesterås
11%
Näkkimistö
10%
Ruuhijärvi
10%
Arometsä
9%
Pesäkallio
9%
Vartiolaakso
9%
Immilä
8%
Kumia
8%
Vipunen
8%
Seesta
7%
Suppala
7%
Eskola
6%
Kukonkoski
6%
Kuusiniitty
5%
Metsäkylä
5%
Nastonharju
5%
Pyhäntaka
5%
Kivimaa-Kiveriö-Joutjärvi
3%
Kolava-Kujala
3%
Kouluharju
3%
Pensuo
3%
Vierunkulma
3%
Lankila
2%
Lehtistenmäki
2%
Luhtaanmaa
2%
Vehkala
2%
Arola
1%
Notko
1%
Pärnämäki
0%
Ehtoja vastaavia visoja ei löytynyt
Tulosjakauma
Jokaisen tuloksen saaneiden osuus
Persentiili vastausten määrän mukaan
Tuloshistoriasi
Et ole pelannut tätä visaa